000 01047nam a2200277 i 4500
001 188914
003 SpMaBN
005 20240523063055.0
008 190226s2004 sp |||| |dspa d
020 _a84-8109-391-2 Galaxia Gutenberg
020 _a84-672-0941-0 Círculo de Lectores
080 _a821.133.1-82"18"
100 0 _aNerval, Gérard de,
_d1808-1855
_985401
245 1 0 _aPoesía y prosa literaria /
_cGérard de Nerval ; traducción, prólogo y notas de Tomás Segovia.
250 _a1ª ed.
260 _aBarcelona :
_bGalaxia Gutenberg :
_bCírculo de Lectores,
_c2004.
300 _a1181 p. ;
_c21 cm.
490 1 _aOpera mundi.
_aObra literaria
504 _aBibliografía: p. 1169-1173.
700 1 _aSegovia, Tomás,
_d1927-2011
_9105153
830 0 _aOpera mundi.
_aObra literaria
_9225743
852 _aES-MaACL
_jA-14410
_9196048
_bR.151431
_cDEPO1
_dOlim: N-7410
_hDonación: Roberta Ann Quance
903 _994482
_aQuance, Roberta Ann
_ednr
942 _2udc
_cMONOGRAFIA
999 _c188914
_d188914